| 000 | 00382nam a22001577a 4500 | ||
|---|---|---|---|
| 003 | SGT | ||
| 020 | _a978-93-82428-58-9 | ||
| 082 |
_a616.01 _bM15S |
||
| 100 | _aSINGLA, SHWETA | ||
| 245 | _aMEDICAL MICROBIOLOGY FOR NURSING AND PARAMEDICAL STUDENTS | ||
| 250 | _a1ST | ||
| 260 |
_aINDIA _bKUMAR PUB HOUSE _c2015 |
||
| 300 | _a439 | ||
| 650 | _aMICROBIOLOGY | ||
| 942 |
_2ddc _cBK _09 |
||
| 999 |
_c20113 _d20113 |
||